000 00262nam a2200109Ia 4500
008 231129s9999||||xx |||||||||||||| ||spa||
082 _aE863.44 A473p
100 _aAlvarez Consuelo
245 0 _aLa piedad desnuda
264 _aJoaquin Mortiz
942 _2ddc
_cBKS
999 _c17921
_d17921